| 000 | 00521nam a22001817a 4500 | ||
|---|---|---|---|
| 003 | BD-DhUL | ||
| 005 | 20180329161059.0 | ||
| 008 | 180329s1314 ii ||||| |||| 00| 0 per d | ||
| 040 |
_aBD-DhUL _cBD-DhUL |
||
| 082 |
_a891.551 _bMUS |
||
| 100 | 3 | _aمظفرالدین شاہ۔ | |
| 245 | 0 |
_aسحر حلال / _cمظفرالدین شاہ۔ |
|
| 246 | _aSaḥar-e Ḥalāl | ||
| 260 |
_aممبی : _bمطبع شپھر، _c۱۳۱۴۔ |
||
| 300 |
_aص۔ ۹۵ ؛ _c۲۰ سم۔ |
||
| 650 | 0 | _aPersian poetry. | |
| 942 |
_2ddc _cBK |
||
| 999 |
_c239851 _d239851 |
||